<?xml version="1.0" encoding="UTF-8"?>
<collection xmlns="http://www.loc.gov/MARC21/slim">
 <record>
  <leader>00816nam a2200157Ia 4500</leader>
  <controlfield tag="001">UIH_00676</controlfield>
  <controlfield tag="008">230809s9999    xx            000 0 und d</controlfield>
  <datafield tag="082" ind1=" " ind2=" ">
   <subfield code="a">543</subfield>
  </datafield>
  <datafield tag="100" ind1=" " ind2=" ">
   <subfield code="a">Lê, Đình Vũ</subfield>
  </datafield>
  <datafield tag="245" ind1=" " ind2="0">
   <subfield code="a">Nghiên cứu cải tiến và tối ưu hóa phương pháp phân tích BTEX ứng dụng khảo sát mức độ ô nhiễm BTEX trong không khí tại một số điểm ở Tp Hồ Chí Minh : Báo cáo tổng kết đề tài Khoa học cấp trường</subfield>
  </datafield>
  <datafield tag="245" ind1=" " ind2="0">
   <subfield code="c">Lê, Đình Vũ</subfield>
  </datafield>
  <datafield tag="260" ind1=" " ind2=" ">
   <subfield code="b">Trường Đại học Công nghiệp Tp. Hồ Chí Minh</subfield>
  </datafield>
  <datafield tag="260" ind1=" " ind2=" ">
   <subfield code="c">2018</subfield>
  </datafield>
  <datafield tag="650" ind1=" " ind2=" ">
   <subfield code="a">Hóa học phân tích;</subfield>
  </datafield>
  <datafield tag="927" ind1=" " ind2=" ">
   <subfield code="a">Đề tài khoa học</subfield>
  </datafield>
  <datafield tag="980" ind1=" " ind2=" ">
   <subfield code="a">Trung tâm Thư viện - Trường Đại học Công nghiệp TP. Hồ Chí Minh</subfield>
  </datafield>
 </record>
</collection>
